| 000 | 01069cam a2200301 a 4500 | ||
|---|---|---|---|
| 999 |
_c9852 _d9852 |
||
| 001 | 3805278 | ||
| 003 | OSt | ||
| 005 | 20210204164746.0 | ||
| 008 | 850719s1986 oru b 001 0 eng | ||
| 010 | _a 85015470 | ||
| 020 |
_a088070103X : _c$10.95 |
||
| 040 |
_aDLC _cDLC _dDLC |
||
| 050 | 0 | 0 |
_aBX2349 _bH656T |
| 082 | 0 | 0 |
_a248.4/82 _219 _bH656T |
| 100 | 1 |
_aHilton, Walter, _d-1396. |
|
| 245 | 1 | 0 |
_aToward a perfect love : _bthe spiritual counsel of Walter Hilton / _cWalter Hilton ; translated and introduced by David L. Jeffrey. |
| 260 |
_aPortland, Or. : _bMultnomah Press, _cc1985. |
||
| 300 |
_axxix, 182 p. ; _c22 cm. |
||
| 490 | 1 | _aClassics of faith & devotion | |
| 504 | _aIncludes bibliographies and index. | ||
| 505 | 0 | _aLetters to a layman -- Coming to perfection. | |
| 650 | 0 |
_aSpiritual life _xCatholic Church. |
|
| 700 | 1 |
_aJeffrey, David L., _d1941- |
|
| 700 | 1 | 2 |
_aHilton, Walter, _d-1396. _tEpistle on the medled life. _f1985. |
| 830 | 0 | _aClassics of faith and devotion. | |
| 906 |
_a7 _bcbc _corignew _d1 _eocip _f19 _gy-gencatlg |
||
| 942 |
_2ddc _cBK |
||